|
|
|
|
| LEADER |
02327cas a2200313 a 4500 |
| 001 |
AALejournalIMF021937 |
| 008 |
230101c9999 xx r poo 0 0eng d |
| 020 |
|
|
|c 5.00 USD
|
| 020 |
|
|
|z 9781513593692
|
| 022 |
|
|
|a 1934-7685
|
| 040 |
|
|
|a BD-DhAAL
|c BD-DhAAL
|
| 110 |
2 |
|
|a International Monetary Fund.
|b African Dept.
|
| 240 |
1 |
0 |
|a Gabon: Request for a Three-Year Extended Arrangement under the Extended Fund Facility-Press Release; Staff Report; Supplementary Information, and Statement by the Executive Director for Gabon.
|l French
|
| 245 |
1 |
0 |
|a Gabon :
|b Request for a Three-Year Extended Arrangement under the Extended Fund Facility-Press Release; Staff Report; Supplementary Information, and Statement by the Executive Director for Gabon.
|
| 264 |
|
1 |
|a Washington, D.C. :
|b International Monetary Fund,
|c 2021.
|
| 300 |
|
|
|a 1 online resource (144 pages)
|
| 490 |
1 |
|
|a IMF Staff Country Reports
|
| 500 |
|
|
|a <strong>Off-Campus Access:</strong> No User ID or Password Required
|
| 500 |
|
|
|a <strong>On-Campus Access:</strong> No User ID or Password Required
|
| 506 |
|
|
|a Electronic access restricted to authorized BRAC University faculty, staff and students
|
| 520 |
3 |
|
|a The Gabonese economy was gradually recovering from the 2014 oil price shock when it was hit by the Covid-19 pandemic. Decisive confinement measures have helped save lives, but the pandemic and the fall in oil prices have severely hit the economy, increasing unemployment and poverty. With a weak economy and increased COVID-19 related spending, the fiscal deficit has widened, with a sharp increase in public debt. Emergency financing from the IMF through the Rapid Financing Instrument (USD 299.61 million) helped meet urgent balance of payment needs in 2020. Growth is expected to resume in 2021 but the pandemic has made the economic outlook very challenging and generated sizable financing needs over the medium term.
|
| 538 |
|
|
|a Mode of access: Internet
|
| 650 |
|
7 |
|a International Agreements
|2 imf
|
| 650 |
|
7 |
|a International Organizations
|2 imf
|
| 650 |
|
7 |
|a Monetary Policy
|2 imf
|
| 650 |
|
7 |
|a Observance
|2 imf
|
| 651 |
|
7 |
|a Gabon
|2 imf
|
| 830 |
|
0 |
|a IMF Staff Country Reports; Country Report ;
|v No. 2021/189
|
| 856 |
4 |
0 |
|z Full text available on IMF
|u http://elibrary.imf.org/view/journals/002/2021/189/002.2021.issue-189-fr.xml
|z IMF e-Library
|